[Event "US Open-120"]
[Site "Orlando"]
[Date "2019.08.07"]
[Round "2"]
[White "Moore, Michael"]
[Black "Zhang, Chao"]
[Result "0-1"]
[WhiteElo "1920"]
[BlackElo "2244"]
[PlyCount "50"]
[EventDate "2019.08.03"]
[EventType "swiss"]
[EventRounds "9"]
[EventCountry "USA"]
[SourceTitle "CBM 191 Extra"]
[Source "ChessBase"]
[SourceDate "2019.09.30"]
[SourceVersion "1"]
[SourceVersionDate "2019.09.30"]
[SourceQuality "1"]

1. d4 Nf6 2. c4 e6 3. Nc3 Bb4 4. f3 c5 5. d5 d6 6. e4 b5 7. Be3 0-0 8. Qd2 a6 9. Rd1 exd5 10. cxd5 Nbd7 11. Nh3 c4 12. Nf2 Bc5 13. Bf4 Qb6 14. b3 Nh5 15. Bg5 h6 16. Bh4 Be3 17. Qc2 Ne5 18. bxc4 Bd7 19. cxb5 axb5 20. Rb1 Rfc8 21. Nfd1 b4 22. Qe2 Bd4 23. Nb5 Nf4 24. Qd2 Bxb5 25. Qxf4 Bxf1 0-1

[Event "World op 45th"]
[Site "Philadelphia"]
[Date "2017.07.01"]
[Round "4"]
[White "Zhang, Chao"]
[Black "Garcia, Jan Emmanuel"]
[Result "1/2-1/2"]
[WhiteElo "2229"]
[BlackElo "2436"]
[PlyCount "149"]
[EventDate "2017.06.29"]
[EventType "swiss"]
[EventRounds "9"]
[EventCountry "USA"]
[SourceTitle "CBM 179 Extra"]
[Source "ChessBase"]
[SourceDate "2017.08.23"]
[SourceVersion "1"]
[SourceVersionDate "2017.08.23"]
[SourceQuality "1"]

1. e4 e5 2. Nf3 Nc6 3. Bb5 a6 4. Ba4 Nf6 5. 0-0 Be7 6. Re1 b5 7. Bb3 d6 8. c3 0-0 9. h3 Na5 10. Bc2 c5 11. d4 Nd7 12. a4 Rb8 13. axb5 axb5 14. dxc5 dxc5 15. Nbd2 Re8 16. Nf1 Nc4 17. Qe2 Nd6 18. Rd1 Bb7 19. Ne3 Bf8 20. Nd5 Nb6 21. Be3 Nxd5 22. exd5 e4 23. Nd2 c4 24. Nf1 f5 25. Qh5 g6 26. Qg5 Nf7 27. Qxd8 Rexd8 28. Bf4 Bd6 29. Bxd6 Rxd6 30. Ra7 Bxd5 31. Ne3 Be6 32. Rxd6 Nxd6 33. g3 Rb7 34. Ra6 Rd7 35. Bd1 Kf7 36. Nc2 f4 37. gxf4 Bxh3 38. Na3 Nf5 39. Bc2 e3 40. fxe3 Nxe3 41. Be4 Rd2 42. Nxb5 Bg2 43. Bxg2 Rxg2+ 44. Kh1 Rxb2 45. Nd6+ Ke7 46. Ne4 Nd5 47. Ra7+ Ke6 48. Rxh7 Kf5 49. Nd6+ Kxf4 50. Nxc4 Re2 51. Rh3 g5 52. Rd3 Nf6 53. Nd2 Nh5 54. Nf1 Kg4 55. Nh2+ Kf5 56. Nf1 Re1 57. Kg1 Nf4 58. Rd2 Rc1 59. c4 Ke5 60. Kf2 Rxc4 61. Ng3 Ra4 62. Kf3 Ne6 63. Re2+ Kf6 64. Nh5+ Kf7 65. Re4 Ra1 66. Kg4 Rg1+ 67. Ng3 Nf8 68. Re3 Nh7 69. Kf5 Rg2 70. Ne4 Kg7 71. Rg3 Ra2 72. Nxg5 Ra5+ 73. Kf4 Nxg5 74. Rxg5+ Rxg5 75. Kxg5 1/2-1/2

[Event "Philadelphia int op 11th"]
[Site "Philadelphia"]
[Date "2017.06.25"]
[Round "3"]
[White "Winkelman, Albert"]
[Black "Zhang, Chao"]
[Result "0-1"]
[WhiteElo "2028"]
[BlackElo "2229"]
[PlyCount "68"]
[EventDate "2017.06.24"]
[EventType "swiss"]
[EventRounds "9"]
[EventCountry "USA"]
[SourceTitle "CBM 179 Extra"]
[Source "ChessBase"]
[SourceDate "2017.08.23"]
[SourceVersion "1"]
[SourceVersionDate "2017.08.23"]
[SourceQuality "1"]

1. e4 e5 2. Nf3 Nc6 3. Bb5 Nf6 4. d3 Bc5 5. Bxc6 dxc6 6. h3 Nd7 7. 0-0 0-0 8. Nbd2 Re8 9. Nc4 Bd6 10. b3 c5 11. a4 Nb8 12. Bg5 f6 13. Bh4 Nc6 14. c3 Be6 15. Bg3 Qd7 16. Nh4 Rad8 17. Qh5 Bf8 18. Rfd1 Qf7 19. Qf3 Ne7 20. Qe3 b6 21. Nf3 Nc6 22. Nfd2 Qd7 23. Nb1 a6 24. Nba3 Rb8 25. f4 b5 26. axb5 axb5 27. Nd2 exf4 28. Bxf4 Red8 29. c4 Nd4 30. cxb5 Nxb5 31. Nxb5 Rxb5 32. Ra7 Qxd3 33. Qxd3 Rxd3 34. Rc1 g5 0-1

[Event "Brownsville UT RGV GM 3rd"]
[Site "Brownsville"]
[Date "2017.03.16"]
[Round "5"]
[White "Kambrath, Yannick"]
[Black "Zhang, Chao"]
[Result "1/2-1/2"]
[WhiteElo "2353"]
[BlackElo "2223"]
[PlyCount "191"]
[EventDate "2017.03.13"]
[EventType "tourn"]
[EventRounds "9"]
[EventCountry "USA"]
[SourceTitle "CBM 177 Extra"]
[Source "ChessBase"]
[SourceDate "2017.04.27"]
[SourceVersion "1"]
[SourceVersionDate "2017.04.27"]
[SourceQuality "1"]

1. c4 e6 2. Nc3 d5 3. d4 Nf6 4. cxd5 exd5 5. Bg5 c6 6. e3 h6 7. Bh4 Bf5 8. Qf3 Bg6 9. Bxf6 Qxf6 10. Qxf6 gxf6 11. Kd2 Nd7 12. Bd3 Bd6 13. Nge2 0-0-0 14. g3 h5 15. h4 Bxd3 16. Kxd3 f5 17. Nc1 Nf6 18. Ke2 Rde8 19. Nd3 Rhg8 20. Kf3 Ne4 21. Ne2 Kd7 22. Rhc1 Ke7 23. Rc2 a5 24. b3 Ra8 25. a3 Ra6 26. Rca2 Rb6 27. Ndc1 Kf6 28. Nf4 Rh8 29. Rc2 Kg7 30. Nfd3 Kf6 31. Kg2 Rg8 32. Kf1 Ra8 33. Rb2 Ke6 34. Ke1 Kf6 35. Ne2 Kg7 36. Kd1 Kh6 37. Kc1 Rc8 38. b4 Ra8 39. Kb1 Rb5 40. Raa2 a4 41. Kc2 Rb6 42. Rb1 Re8 43. Rf1 Bf8 44. Nc5 Bxc5 45. dxc5 Ra6 46. Nd4 Kg6 47. Kd3 b6 48. cxb6 c5 49. bxc5 Nxc5+ 50. Ke2 Rxb6 51. Rc2 Nb3 52. Rd1 f6 53. Kf3 Re4 54. Ne2 Rc4 55. Ra2 d4 56. exd4 Kh6 57. d5 Rd6 58. Rb2 Rc5 59. Nf4 Rc3+ 60. Rd3 Rxd3+ 61. Nxd3 Rxd5 62. Ke3 Rd8 63. Rb1 Re8+ 64. Kf4 Rd8 65. Rd1 Kg6 66. Ke3 Re8+ 67. Kf3 Rc8 68. Nf4+ Kh6 69. Ke3 Rc3+ 70. Rd3 Rc2 71. Rd6 Rc3+ 72. Ke2 Rc2+ 73. Kf3 Nd2+ 74. Kg2 Ne4 75. Rd7 Rxf2+ 76. Kg1 Rf3 77. Rd3 Rxg3+ 78. Rxg3 Nxg3 79. Nd5 Ne2+ 80. Kf2 Nd4 81. Nxf6 Nb5 82. Nd5 Nxa3 83. Nc3 Kg6 84. Kf3 Nc2 85. Nxa4 Ne1+ 86. Kg3 Kf6 87. Nc5 Nc2 88. Kf4 Nd4 89. Nd7+ Ke7 90. Nb6 Ke6 91. Kg5 Ke5 92. Nc4+ Ke4 93. Nd6+ Ke5 94. Nxf5 Nxf5 95. Kxh5 Nxh4 96. Kxh4 1/2-1/2

[Event "Brownsville UT RGV GM 3rd"]
[Site "Brownsville"]
[Date "2017.03.15"]
[Round "3"]
[White "Ruiz Castillo, Joshua Daniel"]
[Black "Zhang, Chao"]
[Result "1-0"]
[WhiteElo "2343"]
[BlackElo "2223"]
[PlyCount "97"]
[EventDate "2017.03.13"]
[EventType "tourn"]
[EventRounds "9"]
[EventCountry "USA"]
[SourceTitle "CBM 177 Extra"]
[Source "ChessBase"]
[SourceDate "2017.04.27"]
[SourceVersion "1"]
[SourceVersionDate "2017.04.27"]
[SourceQuality "1"]

1. e4 e5 2. Nf3 Nc6 3. Bb5 Nf6 4. Qe2 Bc5 5. c3 0-0 6. d3 d6 7. Nbd2 a6 8. Ba4 Ba7 9. h3 Ne7 10. Nh4 Ng6 11. Nf5 Bxf5 12. exf5 Nh4 13. g4 Ng2+ 14. Kf1 Nf4 15. Qf3 d5 16. Bc2 Qd6 17. Qg3 Rfe8 18. Nf3 d4 19. c4 b5 20. Nd2 bxc4 21. Nxc4 Qc6 22. Rg1 Nxd3 23. Qxd3 e4 24. Qb3 d3 25. Qa4 Qd5 26. Bd1 d2 27. Bxd2 Qd3+ 28. Kg2 Bxf2 29. Qb3 Qxb3 30. Bxb3 Bxg1 31. Rxg1 Rad8 32. Ba5 Nd5 33. Re1 g5 34. Ne3 Nf4+ 35. Kg3 Nd3 36. Rb1 Nc5 37. Bc4 Kg7 38. Bxc7 Rd2 39. Ba5 Rd6 40. Bb4 Rc8 41. f6+ Kf8 42. Rc1 Rxf6 43. Nf5 Ke8 44. Bd5 Rb6 45. Bxc5 Kd7 46. Bb3 Rbb8 47. Rd1+ Kc6 48. Ne7+ Kxc5 49. Nxc8 1-0

[Event "Southwest Class-ch 8th"]
[Site "Fort Worth"]
[Date "2017.02.19"]
[Round "6"]
[White "Javakhadze, Zurab"]
[Black "Zhang, Chao"]
[Result "1-0"]
[WhiteElo "2469"]
[BlackElo "2242"]
[PlyCount "107"]
[EventDate "2017.02.16"]
[EventType "swiss"]
[EventRounds "9"]
[EventCountry "USA"]
[SourceTitle "EXT 2018"]
[Source "ChessBase"]
[SourceDate "2017.10.13"]
[SourceVersion "1"]
[SourceVersionDate "2017.10.13"]
[SourceQuality "1"]

1. Nf3 Nf6 2. c4 e6 3. g3 d5 4. Bg2 d4 5. e3 c5 6. exd4 cxd4 7. 0-0 Nc6 8. d3 Bd6 9. Bg5 h6 10. Bxf6 Qxf6 11. Nbd2 Qe7 12. Rc1 0-0 13. Ne4 Bc7 14. c5 e5 15. Re1 Be6 16. a3 a5 17. Nfd2 f5 18. Nd6 Bxd6 19. cxd6 Qxd6 20. Nc4 Bxc4 21. Rxc4 Rf7 22. Qa4 Rd8 23. Bxc6 bxc6 24. Qxa5 Re8 25. Qa4 Re6 26. Qc2 e4 27. dxe4 d3 28. Qa4 fxe4 29. Rcxe4 Rxe4 30. Qxe4 Qf6 31. Rf1 d2 32. Qe3 Qd6 33. Rd1 Rd7 34. a4 Rd8 35. a5 Qb4 36. a6 Qxb2 37. a7 Ra8 38. Rxd2 Qa1+ 39. Kg2 Rxa7 40. Rd8+ Kh7 41. h4 h5 42. g4 hxg4 43. Qe4+ g6 44. Rd6 Rg7 45. h5 Qa3 46. hxg6+ Kh6 47. Rf6 Qh3+ 48. Kg1 g3 49. Qf4+ Kh5 50. fxg3 Rd7 51. Rf5+ Kxg6 52. Rg5+ Kh6 53. Qf6+ Kh7 54. Qg6+ 1-0

[Event "North American op 26th"]
[Site "Las Vegas"]
[Date "2016.12.29"]
[Round "8"]
[White "Zhang, Chao"]
[Black "Aoshima, Mirai"]
[Result "1-0"]
[WhiteElo "2214"]
[BlackElo "2281"]
[PlyCount "103"]
[EventDate "2016.12.26"]
[EventType "swiss"]
[EventRounds "9"]
[EventCountry "USA"]
[SourceTitle "CBM 176 Extra"]
[Source "ChessBase"]
[SourceDate "2017.03.02"]
[SourceVersion "1"]
[SourceVersionDate "2017.03.02"]
[SourceQuality "1"]

1. e4 c5 2. Nf3 d6 3. d4 cxd4 4. Nxd4 Nf6 5. Nc3 Nc6 6. Be2 e5 7. Nb3 Be7 8. 0-0 0-0 9. f4 a5 10. a4 Be6 11. f5 Bxb3 12. cxb3 Nb4 13. Bc4 Qb6+ 14. Kh1 Rad8 15. Qf3 Nc2 16. Rb1 h6 17. g4 Nd4 18. Qg2 d5 19. Bxd5 Nxd5 20. Nxd5 Rxd5 21. exd5 Qxb3 22. g5 hxg5 23. Bxg5 Bxg5 24. Qxg5 Qxd5+ 25. Qg2 e4 26. f6 g6 27. Rbd1 Qe5 28. Qg3 Qxg3 29. hxg3 Nf5 30. Rg1 Rc8 31. Rc1 Rd8 32. Rcd1 Rc8 33. Rc1 Rd8 34. Rgd1 Re8 35. g4 Ne3 36. Rg1 Nd5 37. g5 e3 38. Kg2 e2 39. Kf2 Nf4 40. Rc3 b6 41. Rh1 Rd8 42. Re3 Rc8 43. Kf3 Ne6 44. Kxe2 Nxg5 45. Kd3 Ne6 46. Ke4 Nc5+ 47. Kd5 Nd7 48. Rf3 Rd8 49. Kd6 Nxf6+ 50. Ke7 Rd4 51. Kxf6 Rxa4 52. Rd1 1-0

[Event "North American op 26th"]
[Site "Las Vegas"]
[Date "2016.12.26"]
[Round "1"]
[White "Zhang, Chao"]
[Black "Panchanathan, Magesh Chandran"]
[Result "0-1"]
[WhiteElo "2214"]
[BlackElo "2513"]
[PlyCount "111"]
[EventDate "2016.12.26"]
[EventType "swiss"]
[EventRounds "9"]
[EventCountry "USA"]
[SourceTitle "CBM 176 Extra"]
[Source "ChessBase"]
[SourceDate "2017.03.02"]
[SourceVersion "1"]
[SourceVersionDate "2017.03.02"]
[SourceQuality "1"]

1. e4 e5 2. Nf3 Nc6 3. Bb5 a6 4. Ba4 Nf6 5. 0-0 Be7 6. Re1 b5 7. Bb3 d6 8. c3 0-0 9. h3 Nb8 10. d4 Nbd7 11. Nbd2 Bb7 12. Bc2 Re8 13. Nf1 Bf8 14. Ng3 g6 15. Bg5 h6 16. Bd2 c5 17. d5 c4 18. Nh2 Qc7 19. Rf1 Bg7 20. Be3 Nc5 21. Qd2 h5 22. Bh6 Qe7 23. Bg5 Qf8 24. Rae1 Nfd7 25. Nf3 Bc8 26. Nh4 Kh7 27. f4 exf4 28. Nxh5 gxh5 29. e5+ Kg8 30. e6 Ne5 31. Rxf4 Nxe6 32. dxe6 Bxe6 33. Ref1 Rac8 34. Qd1 Nd3 35. Qxh5 Rc5 36. Bxd3 cxd3 37. Ng6 fxg6 38. Rxf8+ Rxf8 39. Rxf8+ Kxf8 40. Qxg6 Re5 41. Bf6 Bxf6 42. Qxf6+ Ke8 43. Qg6+ Kd7 44. Qxd3 Bxa2 45. b4 Bd5 46. Kf2 Be4 47. Qd4 Rf5+ 48. Ke3 Bd5 49. Qa7+ Ke6 50. Qxa6 Re5+ 51. Kf2 Bc4 52. Qc8+ Ke7 53. g4 Re2+ 54. Kf3 Rd2 55. Kf4 Rd3 56. Qh8 0-1

[Event "US Open-117"]
[Site "Indianapolis"]
[Date "2016.08.02"]
[Round "4"]
[White "Zhang, Chao"]
[Black "Kumar, Nikhil"]
[Result "1/2-1/2"]
[WhiteElo "2156"]
[BlackElo "2014"]
[PlyCount "62"]
[EventDate "2016.07.30"]
[EventType "swiss"]
[EventRounds "9"]
[EventCountry "USA"]
[SourceTitle "CBM 173 Extra"]
[Source "ChessBase"]
[SourceDate "2016.08.29"]
[SourceVersion "1"]
[SourceVersionDate "2016.08.29"]
[SourceQuality "1"]

1. e4 c6 2. d4 d5 3. e5 Bf5 4. Nf3 e6 5. Be2 Ne7 6. 0-0 c5 7. c4 Nbc6 8. dxc5 d4 9. Qb3 Qd7 10. Rd1 Ng6 11. Be3 Bxc5 12. Qb5 b6 13. Nxd4 Bxd4 14. Bxd4 Rd8 15. Nc3 a6 16. Qa4 b5 17. Qxa6 Nxd4 18. Nxb5 Nxe2+ 19. Kf1 Ng3+ 20. hxg3 Bd3+ 21. Kg1 Nxe5 22. b3 0-0 23. a4 Qe7 24. Qb6 Qb4 25. Qe3 Ng4 26. Qf3 Ne5 27. Qe3 Ng4 28. Qf3 Bf5 29. a5 Ne5 30. Qe3 Nd3 31. Nd4 Nc5 1/2-1/2